| 000 | 00394 a2200169 4500 | ||
|---|---|---|---|
| 001 | 188450 | ||
| 020 | _a978-85-04-01569-0 | ||
| 040 | _cMagnum | ||
| 100 | _aNahas, Tatiana Rodrigues | ||
| 240 | 1 | 0 |
_aDecifrando a natureza 8 _lpor |
| 245 | 1 | 0 | _aDecifrando a natureza 8 |
| 300 | _a256 | ||
| 362 | 0 | _a2009 | |
| 440 | 1 | _aCompanhia Editora Nacional | |
| 697 | _aCIĆNCIAS PURAS | ||
| 942 | _cBK | ||
| 999 |
_c188450 _d188450 |
||